| 000 | 01207nam a22003497a 4500 | ||
|---|---|---|---|
| 003 | CHAP | ||
| 005 | 20220329141204.0 | ||
| 008 | 971010s1948 r 00010 d | ||
| 010 | _a64065 | ||
| 011 | _a65037 | ||
| 035 | _a71196 | ||
| 040 | _cCHAP | ||
| 090 | _aTesis | ||
| 100 | 0 | 0 |
_aRosales de la Mora, Cástulo. _999902 |
| 245 | _aEstudio agropecuario y plan de explotación de la finca "El Ajenjibre", Mpio., Huauchinango, Pue. | ||
| 260 |
_aChapingo, Méx. : _bEl autor, _c1948 |
||
| 300 | _a59 p. | ||
| 502 | _aTesis (Ing. Agrónomo Esp. en Ganadería) -- ENA. Departamento de Zootecnia | ||
| 590 |
_aALEPH _b10 _c20130110 _lUCH01 _h1349 |
||
| 590 |
_aBATCH-UPD _b10 _c20130110 _lUCH01 _h0524 |
||
| 590 |
_aBATCH-UPD _b10 _c20130410 _lUCH01 _h0203 |
||
| 590 |
_aBATCH-UPD _b10 _c20130914 _lUCH01 _h1500 |
||
| 590 |
_aCONVERSION _b10 _c20130109 _lUCH01 _h1335 |
||
| 650 | 1 | 4 |
_aAgricultura _xAspectos economicos _xPuebla. _91287 |
| 650 | 1 | 4 |
_aGanadería _xPuebla. _944838 |
| 650 | 1 | 4 |
_aPolítica agrícola. _990283 |
| 901 | _aBK | ||
| 942 | _cFOLL | ||
| 949 |
_aR592 _bZ _cTESBD _d-3797 _eTS1 _h628 _i71196 _si |
||
| 949 |
_bBC _cTES _d-154157 _eTS1 _i71196 _si |
||
| 949 |
_bBC _cTES _d-154159 _eTS2 _fc.2 _i71196 _si |
||
| 999 |
_c64065 _d64065 |
||